000 00440cam a2200193ua 4500
001 8766
005 20260515114356.0
008 150213n xxk |||gr||||Z||||||eng
040 _cMAIN
041 _aeng
082 _a410
100 _aMartinet, A.,
_eAuthor.
245 1 _aElements of general linguistics
_cBy A. Martinet
250 _a1st.
260 _aLondon:
_bFF,
_c1994.
300 _a225p.
653 _aLinguistics
942 _cBK
999 _c7857
_d7857